NBA rookies of the year. - Statistics

General Stats
  • This quiz has been taken 2,201 times
  • The average score is 22 of 66
Answer Stats
Hint Answer % Correct
2011-12 Cavaliers Kyrie Irving
88%
2012-13 Trail Blazers Damian Lillard
87%
2003-04 Cavaliers LeBron James
87%
2014-15 Timberwolves Andrew Wiggins
86%
2007-08 SuperSonics Kevin Durant
84%
2010-11 Clippers Blake Griffin
83%
2008-09 Bulls Derrick Rose
83%
1984-85 Bulls Michael Jordan
80%
1998-99 Raptors Vince Carter
69%
1992-93 Magic Shaquille O'Neal
66%
1997-98 Spurs Tim Duncan
64%
1996-97 76ers Allen Iverson
60%
2013-14 76ers Michael Carter-Williams
60%
2005-06 Hornets Chris Paul
56%
2001-02 Grizzlies Pau Gasol
55%
1979-80 Celtics Larry Bird
54%
1985-86 Knicks Patrick Ewing
53%
1959-60 Warriors Wilt Chamberlain
52%
1991-92 Hornets Larry Johnson
51%
1989-90 Spurs David Robinson
48%
2006-07 Trail Blazers Brandon Roy
46%
2009-10 Kings Tyreke Evans
46%
2002-03 Suns Amar'e Stoudemire
45%
1994-95 Mavericks Jason Kidd
45%
1969-70 Bucks Lew Alcindor
45%
2000-01 Magic Mike Miller
45%
1981-82 Nets Buck Williams
43%
1960-61 Royals Oscar Robertson
39%
2004-05 Bobcats Emeka Okafor
33%
1993-94 Warriors Chris Webber
32%
1994-95 Pistons Grant Hill
30%
1954-55 Hawks Bob Pettit
29%
1965-66 Warriors Rick Barry
28%
1999-00 Bulls Elton Brand
26%
1968-69 Bullets Wes Unseld
25%
1972-73 Braves Bob McAdoo
23%
1958-59 Lakers Elgin Baylor
22%
1983-84 Rockets Ralph Sampson
22%
1999-00 Rockets Steve Francis
22%
1977-78 Suns Walter Davis
20%
1988-89 Warriors Mitch Richmond
19%
1964-65 Knicks Willis Reed
19%
1995-96 Raptors Damon Stoudamire
18%
1987-88 Knicks Mark Jackson
17%
1970-71 Celtics Dave Cowens
14%
1990-91 Nets Derrick Coleman
12%
1976-77 Braves Adrian Dantley
10%
1967-68 Bullets Earl Monroe
9%
1963-64 Royals Jerry Lucas
9%
1966-67 Pistons Dave Bing
8%
1986-87 Pacers Chuck Person
6%
1982-83 Clippers Terry Cummings
5%
1956-57 Celtics Tom Heinsohn
5%
1961-62 Packers Walt Bellamy
5%
1975-76 Suns Alvan Adams
4%
1980-81 Jazz Darrell Griffith
4%
1974-75 Warriors Jamaal Wilkes
4%
1970-71 Trail Blazers Geoff Petrie
3%
1978-79 Kings Phil Ford
3%
1973-74 Braves Ernie DiGregorio
2%
1955-56 Royals Maurice Stokes
2%
1953-54 Bullets Ray Felix
2%
1971-72 Trail Blazers Sidney Wicks
2%
1962-63 Zephyrs Terry Dischinger
2%
1952-53 Pistons Don Meineke
1%
1957-58 Warriors Wood Sauldsberry
1%
No matching quizzes found
Score Distribution
Percent of People with Each Score
Percentile by Number Answered
Your Score History
You have not taken this quiz